Giáo trình kỹ thuật cảm biến Dùng cho các trường đào tạo hệ Cao đẳng nghề và trung cấp nghề
Giới thiệu khái niệm chung về các bộ cảm biến. Trình bày về các loại cảm biến: cảm biến nhiệt độ; vị trí và chuyển dịch; tốc độ; gia tốc; rung và va đập; lực, áp suất ...; DT Cảm biến và mạng cảm biến...
Salvato in:
| Autore principale: | |
|---|---|
| Natura: | Libro |
| Lingua: | Undetermined |
| Pubblicazione: |
H.
Giáo dục Việt Nam
2009
|
| Soggetti: | |
| Accesso online: | http://lrc.tdmu.edu.vn/opac/search/detail.asp?aID=2&ID=7728 |
| Tags: |
Aggiungi Tag
Nessun Tag, puoi essere il primo ad aggiungerne! !
|
| Thư viện lưu trữ: | Trung tâm Học liệu Trường Đại học Thủ Dầu Một |
|---|
| LEADER | 01078nam a2200217Ia 4500 | ||
|---|---|---|---|
| 001 | TDMU_7728 | ||
| 008 | 210410s9999 xx 000 0 und d | ||
| 082 | |a 681 | ||
| 090 | |b V500 | ||
| 100 | |a Vũ, Quang Hồi | ||
| 245 | 0 | |a Giáo trình kỹ thuật cảm biến | |
| 245 | 0 | |b Dùng cho các trường đào tạo hệ Cao đẳng nghề và trung cấp nghề | |
| 245 | 0 | |c Vũ Quang Hồi | |
| 260 | |a H. | ||
| 260 | |b Giáo dục Việt Nam | ||
| 260 | |c 2009 | ||
| 300 | |a 223tr | ||
| 520 | |a Giới thiệu khái niệm chung về các bộ cảm biến. Trình bày về các loại cảm biến: cảm biến nhiệt độ; vị trí và chuyển dịch; tốc độ; gia tốc; rung và va đập; lực, áp suất ...; DT Cảm biến và mạng cảm biến | ||
| 650 | |a Cảm biến |v Giáo trình; Kỹ thuật cảm biến | ||
| 856 | |u http://lrc.tdmu.edu.vn/opac/search/detail.asp?aID=2&ID=7728 | ||
| 980 | |a Trung tâm Học liệu Trường Đại học Thủ Dầu Một | ||